Les films dans lesquels a joué Martin Lawrence - Statistiques

Statistiques générales
  • Ce quiz a été pris 2 fois
  • Le résultat moyen est 3 sur 27
Statistiques - réponses
Année de sortie Films dans lesquels a joué Martin Lawrence % Correct
1995 Bad Boys
100%
2003 Bad Boys 2
100%
2020 Bad Boys for Life
50%
2024 Bad Boys: Ride or Die
50%
2007 Bande de sauvages
0%
2005 Basket Academy
0%
2000 Big Mamma
0%
2006 Big Mamma 2
0%
2011 Big Mamma : De père en fils
0%
1992 Boomerang
0%
1996 De l'amour à la haine
0%
1989 Do The Right Thing
0%
2001 Escrocs
0%
1999 Flic de haut vol
0%
1990 House Party
0%
1991 House Party 2
0%
2002 Le Chevalier Black
0%
2008 Le Retour de Roscoe Jenkins
0%
2022 Mindcage
0%
2003 National Security
0%
2010 Panique aux funérailles
0%
2008 Papa, la Fac et moi
0%
2000 Perpète
0%
1997 Rien à perdre
0%
1991 Talkin' Dirty After Dark
0%
2019 The Beach Bum
0%
1994 You So Crazy
0%
Aucun quiz correspondant
Distribution des résultats
% des personnes avec chaque résultat
Percentile par nombre de réponses
Votre historique - résultats
Vous n’avez pas pris ce quiz